Estados contables en moneda constante; resolucion 615/86 secretaria de accion cooperativa /
Guardado en:
| Autor Principal: | |
|---|---|
| Formato: | Libro |
| Publicado: |
Argentina :
Intercoop,
1987
|
| Materias: | |
| Etiquetas: |
Agregar Etiqueta
Sin Etiquetas, Sea el primero en etiquetar este registro!
|
| LEADER | 00618nam a22001935a 4500 | ||
|---|---|---|---|
| 001 | CEM.cems002582 | ||
| 005 | 19000101000000.0 | ||
| 008 | 130507s1987##################000#0#####d | ||
| 003 | CEMS | ||
| 082 | 0 | 4 | |a 334 |
| 100 | 1 | |a Fourty, Enzo | |
| 245 | 1 | 0 | |a Estados contables en moneda constante; resolucion 615/86 secretaria de accion cooperativa / |
| 260 | |a Argentina : |b Intercoop, |c 1987 | ||
| 300 | |a 140 p. | ||
| 653 | |a Contabilidad | ||
| 653 | |a Cooperativas-estados contables | ||
| 653 | |a Estados contables-inflacion | ||
| 653 | |a Estados contables-metodo integ | ||
| 859 | |a CEMS |b BIB. CEMS - 11 de abril |h 334 |i F828 |p 15411.89 |t Ej.1 | ||
